[Event "Paracin 2018"]
[Site "Paracin"]
[Date "2018.07.06"]
[Round "1.2"]
[White "Sahin, Ozgun"]
[Black "Perunovic, Milos"]
[Result "0-1"]
[WhiteElo "2231"]
[BlackElo "2596"]
[PlyCount "44"]
[EventDate "2018.??.??"]

1. e4 c5 2. Nc3 Nc6 3. Bb5 Nd4 4. Bc4 e6 5. Nge2 Nf6 6. O-O a6 7. a4 Nc6 8. d4
cxd4 9. Nxd4 Qc7 10. Ba2 Nxd4 11. Qxd4 Bc5 12. Qc4 b6 13. b4 Ng4 14. g3 Ne5 15.
Qb3 Bd4 16. Bb2 Nf3+ 17. Kg2 Nd2 18. Nd5 exd5 19. Qxd5 Bxb2 20. Qxf7+ Kd8 21.
Rfd1 Bb7 22. Bd5 Bxa1 0-1

[Event "Paracin 2018"]
[Site "Paracin"]
[Date "2018.07.06"]
[Round "1.12"]
[White "Horton, Jamie A"]
[Black "Fernandez, Daniel Howard"]
[Result "1/2-1/2"]
[WhiteElo "2189"]
[BlackElo "2477"]
[PlyCount "78"]
[EventDate "2018.??.??"]

1. d4 d6 2. c4 e5 3. Nc3 g6 4. Nf3 Bg7 5. e4 Bg4 6. d5 Nd7 7. Be2 Bxf3 8. Bxf3
h5 9. O-O a5 10. a3 Ke7 11. Be3 Bh6 12. b4 Bxe3 13. fxe3 Ngf6 14. Qc2 Ra6 15.
Be2 Qa8 16. c5 axb4 17. Bxa6 bxc3 18. cxd6+ cxd6 19. Bd3 Rc8 20. Qf2 Rc5 21. a4
Qf8 22. Qh4 Qh6 23. Rf3 c2 24. Qe1 Qf8 25. Rc1 Qa8 26. Bb5 Nf8 27. Qf2 N8h7 28.
Rxc2 Qc8 29. Rxc5 Qxc5 30. h3 Qc1+ 31. Qf1 Qxf1+ 32. Rxf1 Nxe4 33. Rc1 Nc5 34.
a5 Nf6 35. Bc4 h4 36. Rb1 Kd8 37. Rf1 Ke7 38. Rb1 Kd8 39. Rf1 Ke7 1/2-1/2

[Event "Paracin 2018"]
[Site "Paracin"]
[Date "2018.07.06"]
[Round "1.14"]
[White "Uysal, Burak"]
[Black "Harsha, Bharathakoti"]
[Result "0-1"]
[WhiteElo "2185"]
[BlackElo "2465"]
[PlyCount "117"]
[EventDate "2018.??.??"]

1. e4 e6 2. d4 d5 3. exd5 exd5 4. Nf3 Nc6 5. Nc3 Bb4 6. Bd3 Bg4 7. Be3 Nge7 8.
h3 Bf5 9. O-O Qd7 10. Ne2 Bd6 11. c3 f6 12. Bf4 O-O-O 13. Bxd6 Qxd6 14. Ng3 Bd7
15. Qc2 g5 16. Nh2 h5 17. Rae1 Rdf8 18. Nf5 Nxf5 19. Bxf5 Ne7 20. Bxd7+ Qxd7
21. Qe2 Ng6 22. Qe6 Nf4 23. Qxd7+ Kxd7 24. Re3 Re8 25. Rd1 Re4 26. Rd2 Rhe8 27.
Nf1 h4 28. Rxe4 dxe4 29. Ne3 c6 30. d5 c5 31. a4 Rf8 32. Nf5 Re8 33. Ne3 Rd8
34. Kf1 Ke7 35. Ke1 Kf7 36. Kd1 Kg6 37. Kc2 f5 38. Kb3 Nd3 39. f3 exf3 40. Rxd3
f4 41. gxf3 fxe3 42. Rxe3 Rxd5 43. Re7 Rd3 44. Rxb7 Rxf3 45. Rxa7 Rxh3 46. a5
Rh1 47. Ka2 h3 48. Ra8 Rf1 49. Rg8+ Kh5 50. Rh8+ Kg4 51. b4 cxb4 52. cxb4 Rf2+
53. Kb3 h2 54. Kc4 Kg3 55. Kc5 Rf4 56. Rxh2 Kxh2 57. a6 g4 58. a7 Rf8 59. Kd4
0-1

[Event "Paracin 2018"]
[Site "Paracin"]
[Date "2018.07.06"]
[Round "1.17"]
[White "Ikeda, Junta"]
[Black "Djukic, Sandra"]
[Result "1-0"]
[WhiteElo "2437"]
[BlackElo "2181"]
[PlyCount "159"]
[EventDate "2018.??.??"]

1. Nf3 Nf6 2. g3 d5 3. Bg2 e6 4. O-O Be7 5. c4 O-O 6. b3 c5 7. Bb2 Nc6 8. e3 d4
9. exd4 cxd4 10. Re1 h6 11. Ne5 Nxe5 12. Rxe5 Nd7 13. Re1 e5 14. d3 Bd6 15. Ba3
Qe7 16. Bxd6 Qxd6 17. Nd2 Rb8 18. a3 a5 19. Qh5 b6 20. Ne4 Qe7 21. f4 exf4 22.
gxf4 Bb7 23. Ng3 Qf6 24. Bxb7 Rxb7 25. Qf3 Rc7 26. Ra2 Nc5 27. b4 Ne6 28. f5
Ng5 29. Qg4 Re7 30. Rxe7 Qxe7 31. h4 Qe1+ 32. Kg2 axb4 33. hxg5 hxg5 34. f6
gxf6 35. Nh5 Qe6 36. Qxe6 fxe6 37. axb4 Kf7 38. Ra7+ Kg6 39. Ng3 f5 40. Ne2 e5
41. Re7 f4 42. Kf2 Kf5 43. Rb7 Ra8 44. Rxb6 Ra2 45. Rb8 e4 46. dxe4+ Kxe4 47.
Rd8 d3 48. Rd4+ Ke5 49. Rxd3 g4 50. Rd5+ Kf6 51. Ke1 f3 52. Ng3 Rg2 53. Ne4+
Ke7 54. Re5+ Kd8 55. Rd5+ Kc7 56. Kf1 Re2 57. Nc3 Rc2 58. Rd3 Rc1+ 59. Kf2 Rc2+
60. Kf1 Rc1+ 61. Kf2 Rc2+ 62. Ke3 f2 63. Nb5+ Kb6 64. Rd6+ Kb7 65. Rd1 Rb2 66.
Nd6+ Kc7 67. Ne8+ Kb8 68. b5 Rc2 69. Nd6 Kc7 70. Ne8+ Kb6 71. Nd6 Kc7 72. Ne4
Rxc4 73. Nxf2 Kb6 74. Ne4 Rc7 75. Rd5 Rf7 76. Nd6 Rf3+ 77. Ke4 Rc3 78. Kd4 Rc1
79. Nc4+ Kb7 80. Rd7+ 1-0

[Event "Paracin 2018"]
[Site "Paracin"]
[Date "2018.07.06"]
[Round "1.18"]
[White "Gochev, Mladen"]
[Black "Arsovic, Zoran"]
[Result "0-1"]
[WhiteElo "2181"]
[BlackElo "2436"]
[PlyCount "77"]
[EventDate "2018.??.??"]

1. d4 Nf6 2. g3 c5 3. dxc5 e6 4. Bg2 Bxc5 5. Nf3 O-O 6. O-O d5 7. b3 Nc6 8. Bb2
Qe7 9. Ne5 Nxe5 10. Bxe5 Rd8 11. e3 Bd7 12. Qe2 Rac8 13. Rc1 Be8 14. a3 a6 15.
Bd4 Bb5 16. Qe1 Bd6 17. a4 Bc6 18. Nd2 e5 19. Bb2 Qe6 20. Qe2 h5 21. c4 h4 22.
cxd5 Bxd5 23. Rxc8 Rxc8 24. Bxd5 Nxd5 25. Nc4 Bb8 26. Rd1 Nf6 27. a5 Qf5 28. f3
hxg3 29. hxg3 Qg5 30. Kg2 Nh5 31. g4 e4 32. Rh1 Ng3 33. f4 Qxf4 34. exf4 Nxe2
35. f5 Nf4+ 36. Kf1 Rd8 37. Ke1 Rd3 38. Rh2 Rxb3 39. Bc1 0-1

[Event "Paracin 2018"]
[Site "Paracin"]
[Date "2018.07.06"]
[Round "1.20"]
[White "Parnali, S Dharia"]
[Black "Ivic, Velimir"]
[Result "1-0"]
[WhiteElo "2170"]
[BlackElo "2432"]
[PlyCount "105"]
[EventDate "2018.??.??"]

1. d4 Nf6 2. c4 g6 3. Nc3 Bg7 4. e4 d6 5. Nf3 O-O 6. Be2 e5 7. O-O Na6 8. dxe5
dxe5 9. b3 Qe7 10. Nd5 Qd6 11. Nxf6+ Qxf6 12. Ba3 Rd8 13. Qc2 Bg4 14. Ne1 Be6
15. Nf3 Nb8 16. Rad1 Nc6 17. Rxd8+ Rxd8 18. Rd1 Re8 19. Bb2 Qe7 20. Bc3 a5 21.
Ne1 Nd4 22. Qb2 b6 23. Nd3 c5 24. Bf1 Rd8 25. Bxd4 Rxd4 26. Qe2 Qd6 27. Nb2 Bd7
28. g3 h5 29. Bg2 Bh6 30. Rd3 Kg7 31. Qd1 h4 32. Rxd4 cxd4 33. Nd3 h3 34. Bf3
Bg5 35. Qc2 f5 36. Kf1 Kf6 37. c5 Qc7 38. Qc4 Kg7 39. a4 Bc6 40. cxb6 Qd6 41.
Nxe5 Qxe5 42. Qxc6 Kh6 43. exf5 Bf6 44. Qc1+ Bg5 45. Qc6 Bf6 46. Qd5 Qe7 47.
fxg6 Be5 48. b7 Qg5 49. Qc5 Qf6 50. Be4 Qa6+ 51. Qb5 Qe6 52. Qc4 Qe7 53. Qg8
1-0

[Event "Paracin 2018"]
[Site "Paracin"]
[Date "2018.07.06"]
[Round "1.21"]
[White "Radovanovic, Nikola"]
[Black "Cholleti, Sahajasri"]
[Result "1-0"]
[WhiteElo "2425"]
[BlackElo "2169"]
[PlyCount "73"]
[EventDate "2018.??.??"]

1. d4 Nf6 2. c4 e6 3. Nc3 Bb4 4. e3 b6 5. f3 c5 6. d5 d6 7. e4 b5 8. Bd2 a6 9.
a4 bxc4 10. Bxc4 e5 11. Nge2 Nbd7 12. Ng3 Nf8 13. O-O Ng6 14. Be3 Bxc3 15. bxc3
O-O 16. a5 Bd7 17. Qd3 Qc7 18. Rfb1 Ra7 19. Rb6 Rfa8 20. Rxa6 Rxa6 21. Bxa6 Ra7
22. Bg5 Qd8 23. Nh5 Qa8 24. Bxf6 Rxa6 25. Bxg7 Rxa5 26. Rxa5 Qxa5 27. Bh6 Bb5
28. Qe3 Qa1+ 29. Kf2 Qa2+ 30. Kg3 Bf1 31. Qf2 Qc4 32. Nf6+ Kh8 33. Qb2 Qb5 34.
Qxb5 Bxb5 35. h4 Ne7 36. Bf8 Nc8 37. h5 1-0

[Event "Paracin 2018"]
[Site "Paracin"]
[Date "2018.07.06"]
[Round "1.28"]
[White "Mar, Karmen"]
[Black "Mcphillips, Joseph"]
[Result "0-1"]
[WhiteElo "2130"]
[BlackElo "2402"]
[PlyCount "98"]
[EventDate "2018.??.??"]

1. e4 e6 2. d4 d5 3. Nd2 Nf6 4. e5 Nfd7 5. Bd3 c5 6. c3 Nc6 7. Ngf3 g6 8. O-O
Bg7 9. Re1 O-O 10. Nf1 cxd4 11. cxd4 Qb6 12. Bc2 f6 13. exf6 Nxf6 14. Rb1 Bd7
15. h3 Nb4 16. Bb3 Bb5 17. Be3 Nd3 18. Re2 Nb4 19. Re1 Nd3 20. Re2 Ne4 21. Rc2
Nb4 22. Rcc1 a5 23. a4 Ba6 24. Bc2 Na2 25. Bxe4 dxe4 26. d5 Qd8 27. Ng5 Nxc1
28. Nxe6 Ne2+ 29. Kh1 Qh4 30. Nxf8 Rxf8 31. d6 Nf4 32. Ng3 Nd3 33. Qb3+ Kh8 34.
Qe6 Qd8 35. Nxe4 Re8 36. Qg4 Ne5 37. Qg5 Bd3 38. Qxd8 Rxd8 39. Re1 Bxe4 40. Bg5
Nd3 41. Rxe4 Nxf2+ 42. Kg1 Nxe4 43. Bxd8 Nxd6 44. Bxa5 Bxb2 45. Bb4 Ne4 46. g4
Bc3 47. Ba3 Ba5 48. Bb2+ Kg8 49. Bd4 Nc3 0-1

[Event "Paracin 2018"]
[Site "Paracin"]
[Date "2018.07.06"]
[Round "1.30"]
[White "Sultan, Ibrahim"]
[Black "Atakisi, Umut"]
[Result "1/2-1/2"]
[WhiteElo "2126"]
[BlackElo "2390"]
[PlyCount "154"]
[EventDate "2018.??.??"]

1. d4 Nf6 2. c4 g6 3. Nc3 d5 4. cxd5 Nxd5 5. e4 Nxc3 6. bxc3 Bg7 7. Bc4 c5 8.
Ne2 O-O 9. O-O Nc6 10. Be3 Bd7 11. Bd3 cxd4 12. cxd4 Nb4 13. Rb1 Nxd3 14. Qxd3
b5 15. d5 Qa5 16. a3 f5 17. f3 fxe4 18. fxe4 Rxf1+ 19. Kxf1 Rc8 20. Kg1 Qa4 21.
Nd4 Rc4 22. Rd1 Be5 23. Nc6 Rc3 24. Qf1 Qxe4 25. Bh6 Bf6 26. Qxb5 Rxc6 27. dxc6
Bd4+ 28. Kh1 Bxc6 29. Qf1 Bf6 30. Qf2 Bd5 31. Qd2 e6 32. Qf2 Be7 33. Rf1 Qf5
34. Qe2 Qh5 35. Qxh5 gxh5 36. a4 a6 37. a5 Be4 38. Bd2 Kg7 39. Rc1 Kg6 40. Rc7
Bf6 41. Rd7 Be5 42. Kg1 Bc6 43. Rd8 Kf5 44. g3 Ke4 45. Kf1 Bd5 46. Ke1 h4 47.
gxh4 h5 48. h3 Kf3 49. Rf8+ Kg3 50. Bb4 Kxh4 51. Kf2 Kxh3 52. Rg8 h4 53. Be7
Bg3+ 54. Kg1 Be1 55. Bd8 Bc3 56. Kf1 Bd4 57. Bb6 Bc4+ 58. Ke1 Be5 59. Kf2 Bg3+
60. Kg1 Bd5 61. Rg7 Bh2+ 62. Kf2 Be5 63. Rg5 Bf4 64. Rg6 Kh2 65. Bd8 Bg3+ 66.
Ke3 h3 67. Bb6 Be5 68. Kf2 Bf4 69. Bc5 Bc7 70. Rg7 Be5 71. Rg5 Bf4 72. Rg6 Bc4
73. Rg4 e5 74. Rxf4 exf4 75. Bd6 Kh1 76. Bxf4 h2 77. Be5 Bb5 1/2-1/2

[Event "Paracin 2018"]
[Site "Paracin, Hotel Petrus"]
[Date "2018.07.06"]
[Round "1.31"]
[White "Peng, Shunkai"]
[Black "Kolbert, Engelbert"]
[Result "1-0"]
[WhiteElo "2390"]
[BlackElo "2124"]
[PlyCount "79"]
[EventDate "2018.07.06"]

1. e4 c5 2. Nc3 Nc6 3. Bb5 e6 4. Bxc6 bxc6 5. d3 d5 6. f4 Nf6 7. e5 Nd7 8. Nf3
Be7 9. O-O O-O 10. Qe1 Ba6 11. f5 Kh8 12. fxe6 fxe6 13. Ne2 g5 14. Qg3 Rg8 15.
Qg4 Rg6 16. a4 Qc7 17. Bd2 Rag8 18. Rae1 Qd8 19. b3 R8g7 20. Ng3 Bc8 21. Nh5
Rg8 22. Bc3 d4 23. Bd2 Qc7 24. Re2 a5 25. Be1 Rf8 26. Bg3 Qd8 27. Ref2 Rf5 28.
Re2 Qf8 29. Be1 Bd8 30. Bd2 Bc7 31. Ng3 Rf4 32. Bxf4 gxf4 33. Ng5 Qg8 34. N3e4
h6 35. Qh5 Bxe5 36. Nf3 Bc7 37. Nh4 Rg7 38. Ng5 Nf6 39. Qxh6+ Nh7 40. Nxe6 1-0

[Event "Paracin 2018"]
[Site "Paracin, Hotel Petrus"]
[Date "2018.07.06"]
[Round "1.32"]
[White "Stanojevic, Ilija"]
[Black "Brankovic, Dejan"]
[Result "1/2-1/2"]
[WhiteElo "2120"]
[BlackElo "2377"]
[PlyCount "125"]
[EventDate "2018.07.06"]

1. c4 Nf6 2. Nf3 g6 3. g3 Bg7 4. Bg2 O-O 5. O-O c5 6. d4 cxd4 7. Nxd4 Nc6 8. c5
Nxd4 9. Qxd4 d6 10. Qb4 a5 11. Qa3 dxc5 12. Be3 Nd7 13. Rd1 Qb6 14. Nc3 e6 15.
Na4 Qb4 16. Rac1 Bd4 17. Bxd4 cxd4 18. Qxb4 axb4 19. b3 e5 20. Rc7 Nf6 21. Nb6
Rb8 22. Nd5 Nxd5 23. Bxd5 Kg7 24. e3 dxe3 25. fxe3 Bh3 26. Rdc1 e4 27. Re7 Rbd8
28. Bxb7 Rd2 29. Rxe4 Rg2+ 30. Kh1 Rxa2 31. Rh4 Be6 32. Rb1 Rb8 33. Bf3 Rf2 34.
Bg2 Re2 35. Bf1 Rxe3 36. Bc4 Bxc4 37. Rxc4 Rb7 38. Rb2 f5 39. Kg2 Kf6 40. Kf2
Rc3 41. Rf4 h5 42. h4 g5 43. hxg5+ Kxg5 44. Kg2 Re3 45. Rd4 Rb6 46. Rd5 Rbe6
47. Rf2 R6e5 48. Rd8 Rxb3 49. Rg8+ Kf6 50. Rf8+ Kg6 51. Rg8+ Kf7 52. Rg5 Kf6
53. Rxh5 Kg6 54. g4 Re4 55. Rhxf5 Rxg4+ 56. Kf1 Re3 57. Rf8 Ree4 58. Rg8+ Kh7
59. Rxg4 Rxg4 60. Ke2 Rd4 61. Ke3 Rh4 62. Kd3 Kg6 63. Kc2 1/2-1/2

[Event "Paracin 2018"]
[Site "Paracin, Hotel Petrus"]
[Date "2018.07.06"]
[Round "1.33"]
[White "Wadsworth, Matthew J"]
[Black "Djokic, Slavoljub"]
[Result "1-0"]
[WhiteElo "2377"]
[BlackElo "2118"]
[PlyCount "85"]
[EventDate "2018.07.06"]

1. g3 Nf6 2. Bg2 g6 3. e4 d6 4. d4 Bg7 5. Ne2 O-O 6. Nbc3 e5 7. h3 c5 8. dxe5
dxe5 9. Qxd8 Rxd8 10. Bg5 Be6 11. Nd5 Bxd5 12. exd5 Nbd7 13. O-O-O h6 14. Be3
b6 15. Nc3 a6 16. d6 Rab8 17. a4 Nf8 18. Nd5 Nxd5 19. Rxd5 Ne6 20. c3 Rd7 21.
Rhd1 Rbd8 22. Bf1 a5 23. Bb5 Rb7 24. Kc2 g5 25. g4 Nf4 26. Bxf4 gxf4 27. d7 Kf8
28. Kd3 Ke7 29. Ke4 Bf6 30. Kf5 Rbb8 31. f3 Bg7 32. Rd6 Rb7 33. h4 Rbb8 34.
R6d5 Rb7 35. Re1 Ra7 36. g5 hxg5 37. hxg5 Raa8 38. Rdxe5+ Bxe5 39. Rxe5+ Kd6
40. Re8 Kc7 41. Kf6 Ra7 42. Rxd8 Kxd8 43. Kxf7 1-0

[Event "Paracin 2018"]
[Site "Paracin, Hotel Petrus"]
[Date "2018.07.06"]
[Round "1.34"]
[White "Tugstumur, Yesuntumur"]
[Black "Martic, Ivan"]
[Result "1-0"]
[WhiteElo "2116"]
[BlackElo "2375"]
[PlyCount "69"]
[EventDate "2018.07.06"]

1. d4 Nf6 2. c4 g6 3. Nc3 Bg7 4. e4 d6 5. Nf3 O-O 6. Be2 e5 7. O-O c6 8. d5 Na6
9. Be3 Ng4 10. Bg5 f6 11. Bc1 f5 12. Ng5 Nf6 13. exf5 gxf5 14. c5 Nxc5 15. b4
Nce4 16. Ncxe4 Nxe4 17. Nxe4 fxe4 18. Be3 Kh8 19. Rc1 Qe7 20. dxc6 bxc6 21.
Rxc6 Rd8 22. Qc1 Be6 23. Qd2 Bf6 24. Rd1 d5 25. Bc5 Qf7 26. Qh6 Rf8 27. Bh5 Qg8
28. Bxf8 Rxf8 29. Bg6 Bg7 30. Bxh7 Qf7 31. Bg6+ Bxh6 32. Bxf7 Bg4 33. Rxh6+ Kg7
34. Rg6+ Kxf7 35. Rxg4 1-0

[Event "Paracin 2018"]
[Site "Paracin, Hotel Petrus"]
[Date "2018.07.06"]
[Round "1.35"]
[White "Harvey, Marcus R"]
[Black "Zlatanovic, Zoran"]
[Result "1-0"]
[WhiteElo "2362"]
[BlackElo "2108"]
[PlyCount "67"]
[EventDate "2018.07.06"]

1. Nf3 Nf6 2. b3 c5 3. Bb2 e6 4. e3 b6 5. Be2 Bb7 6. O-O Be7 7. c4 d6 8. d4 O-O
9. Nc3 Nbd7 10. d5 e5 11. Bd3 g6 12. Qc2 Nh5 13. g4 Ng7 14. Kh1 Bc8 15. Rg1 Nf6
16. h3 Nfe8 17. e4 Nf6 18. Rg3 h5 19. Rag1 Nh7 20. Bc1 h4 21. R3g2 Ng5 22. Nxg5
Bxg5 23. Bb2 Bd7 24. Ne2 Kh7 25. Rf1 Qe7 26. f4 exf4 27. Nxf4 Kh6 28. Rgf2 f5
29. Nxg6 Kxg6 30. exf5+ Nxf5 31. Bxf5+ Bxf5 32. Rxf5 Rxf5 33. Qxf5+ Kh6 34. Bf6
1-0

[Event "Paracin 2018"]
[Site "Paracin, Hotel Petrus"]
[Date "2018.07.06"]
[Round "1.36"]
[White "Radojkovic, Stefan"]
[Black "Tomic, Aleksandar"]
[Result "0-1"]
[WhiteElo "2105"]
[BlackElo "2347"]
[PlyCount "60"]
[EventDate "2018.07.06"]

1. Nf3 Nf6 2. c4 e6 3. g3 b6 4. Bg2 Bb7 5. O-O Be7 6. b3 O-O 7. Bb2 c5 8. d4
cxd4 9. Qxd4 d6 10. Rd1 Qc7 11. Nc3 a6 12. Rac1 Nbd7 13. e4 Rfd8 14. h3 Rac8
15. Ne1 Bf8 16. Nd3 Qb8 17. Na4 Bc6 18. Nc3 Qa8 19. Qe3 Bb7 20. Rd2 b5 21. cxb5
axb5 22. Re1 d5 23. exd5 b4 24. Ne4 Nxd5 25. Qg5 Nc3 26. Qh4 h6 27. f3 Bxe4 28.
fxe4 Ne5 29. Nxe5 Rxd2 30. Qf4 Qa7+ 0-1

[Event "Paracin 2018"]
[Site "Paracin, Hotel Petrus"]
[Date "2018.07.06"]
[Round "1.37"]
[White "Radovic, Luka"]
[Black "Stankovic, Milos M"]
[Result "1-0"]
[WhiteElo "2344"]
[BlackElo "2100"]
[PlyCount "77"]
[EventDate "2018.07.06"]

1. Nf3 Nf6 2. g3 g6 3. Bg2 Bg7 4. c4 O-O 5. O-O Nc6 6. Nc3 e5 7. d3 d6 8. Rb1
a5 9. a3 h6 10. b4 axb4 11. axb4 Be6 12. e4 Nd7 13. Be3 Ne7 14. Qe2 f5 15. exf5
Nxf5 16. Nd2 c6 17. b5 Qc8 18. Rfc1 Nf6 19. bxc6 bxc6 20. Nde4 Nxe3 21. Qxe3
Qd7 22. Rb6 Ng4 23. Qe2 Rfb8 24. Rxc6 Qxc6 25. Nf6+ Nxf6 26. Bxc6 Ra6 27. Nd5
Bxd5 28. Bxd5+ Kh8 29. h4 h5 30. Kg2 Kh7 31. Rc2 Nxd5 32. cxd5 Ra5 33. Qe4 Rf8
34. f3 Rb5 35. Kh3 Ra5 36. Rc6 Rf6 37. Rc7 Ra2 38. d4 exd4 39. Qe7 1-0

[Event "Paracin 2018"]
[Site "Paracin, Hotel Petrus"]
[Date "2018.07.06"]
[Round "1.38"]
[White "Eswaran, Ashritha"]
[Black "Raja, Rithvik R"]
[Result "1/2-1/2"]
[WhiteElo "2092"]
[BlackElo "2343"]
[PlyCount "99"]
[EventDate "2018.07.06"]

1. e4 c5 2. Nf3 d6 3. d4 cxd4 4. Nxd4 Nf6 5. Nc3 a6 6. h4 e5 7. Nb3 Be6 8. f4
exf4 9. Bxf4 Nc6 10. Qd2 d5 11. exd5 Nxd5 12. Nxd5 Qxd5 13. Qxd5 Bxd5 14. O-O-O
O-O-O 15. g3 Bd6 16. Bxd6 Rxd6 17. c4 Bxh1 18. Rxd6 Kc7 19. c5 Re8 20. Bh3 Ne5
21. Kc2 Bc6 22. Na5 Re7 23. Kc3 f6 24. b4 h5 25. Nxc6 Nxc6 26. Re6 g5 27. Rxe7+
Nxe7 28. Be6 gxh4 29. gxh4 Ng6 30. Bf7 Nxh4 31. Bxh5 Nf5 32. a4 b6 33. Bf3 bxc5
34. bxc5 Ne7 35. Kc4 f5 36. Kd4 Nc6+ 37. Kd5 Nb4+ 38. Ke5 Nd3+ 39. Kd4 Nb4 40.
Be2 Nc6+ 41. Ke3 Nb4 42. Bf3 a5 43. Kd4 Nc6+ 44. Kd5 f4 45. Bg2 Nb4+ 46. Kc4
Nc6 47. Kb5 f3 48. Bxf3 Nd4+ 49. Kxa5 Nxf3 50. Kb5 1/2-1/2

[Event "Paracin 2018"]
[Site "Paracin, Hotel Petrus"]
[Date "2018.07.06"]
[Round "1.39"]
[White "Eric, Jovana"]
[Black "Shoboev, Dandar"]
[Result "1/2-1/2"]
[WhiteElo "2342"]
[BlackElo "2086"]
[PlyCount "60"]
[EventDate "2018.07.06"]

1. e4 e5 2. Nc3 Nf6 3. g3 Nc6 4. Bg2 Bc5 5. d3 d6 6. Na4 Bb6 7. Nxb6 axb6 8.
Ne2 Be6 9. O-O Qd7 10. f4 Bh3 11. fxe5 dxe5 12. Bg5 Bxg2 13. Kxg2 Ng8 14. Nc3
f6 15. Qh5+ Qf7 16. Qf3 Nd4 17. Qf2 Ne7 18. Be3 Ne6 19. Nd5 b5 20. Qd2 O-O 21.
Kg1 c6 22. Nb6 Rad8 23. a4 bxa4 24. Rxa4 Nc8 25. Ra5 Qe7 26. b4 Nxb6 27. Bxb6
Ra8 28. Qc3 Rxa5 29. bxa5 Qd7 30. Qc4 h6 1/2-1/2

[Event "Paracin 2018"]
[Site "Paracin, Hotel Petrus"]
[Date "2018.07.06"]
[Round "1.40"]
[White "Tarun, V Kanth"]
[Black "Nestorovic, Dejan"]
[Result "0-1"]
[WhiteElo "2086"]
[BlackElo "2341"]
[PlyCount "90"]
[EventDate "2018.07.06"]

1. d4 Nf6 2. c4 e6 3. Nc3 Bb4 4. f3 d5 5. a3 Bxc3+ 6. bxc3 O-O 7. cxd5 exd5 8.
e3 Bf5 9. Bd3 Bxd3 10. Qxd3 c5 11. Ne2 Re8 12. O-O Nbd7 13. Ng3 Rc8 14. Bb2 Re6
15. Rad1 Qb6 16. Rb1 Qc6 17. Rbc1 Rce8 18. Rfe1 Nb6 19. Rcd1 c4 20. Qd2 Na4 21.
Rb1 g6 22. Bc1 h5 23. h3 h4 24. Nf1 b5 25. Bb2 Nh5 26. Ba1 a6 27. Qf2 Ng3 28.
Nxg3 hxg3 29. Qd2 Qd6 30. Re2 Qxa3 31. Rbe1 f5 32. e4 fxe4 33. fxe4 Rxe4 34.
Qg5 Qd6 35. Rxe4 dxe4 36. Re3 Kg7 37. Rxg3 Qf6 38. Qe3 Nb6 39. Bb2 Nd5 40. Qe2
e3 41. Bc1 Nxc3 42. Qe1 Nd5 43. Bxe3 Rxe3 44. Rxe3 Qxd4 45. Kf2 b4 0-1

[Event "Paracin 2018"]
[Site "Paracin, Hotel Petrus"]
[Date "2018.07.06"]
[Round "1.41"]
[White "Vaishali, R."]
[Black "Mijatovic, Dusan"]
[Result "1-0"]
[WhiteElo "2337"]
[BlackElo "2071"]
[PlyCount "79"]
[EventDate "2018.07.06"]

1. b3 Nf6 2. Bb2 g6 3. Bxf6 exf6 4. c4 Bg7 5. Nc3 O-O 6. g3 d6 7. Bg2 Nd7 8. e3
f5 9. Nge2 Re8 10. O-O c6 11. d4 a5 12. Qc2 Nf6 13. Rfd1 Qe7 14. a3 Ne4 15. Nf4
Bd7 16. b4 Nxc3 17. Qxc3 a4 18. c5 d5 19. b5 Qd8 20. Rab1 Qc7 21. bxc6 bxc6 22.
Rb6 Reb8 23. Rdb1 Bf8 24. Nd3 f6 25. Qd2 Rxb6 26. cxb6 Qb7 27. Nc5 Bxc5 28.
dxc5 Kg7 29. Qd4 Bc8 30. Rb4 Qe7 31. Bf1 Bb7 32. Rxa4 Re8 33. Ra7 Rb8 34. a4
Kg8 35. a5 Qf8 36. a6 Bc8 37. Qf4 Be6 38. Qc7 Bf7 39. b7 Re8 40. Qxc6 1-0

[Event "Paracin 2018"]
[Site "Paracin, Hotel Petrus"]
[Date "2018.07.06"]
[Round "1.42"]
[White "Bilic, Milanko"]
[Black "Kulkarni, Chinmay"]
[Result "0-1"]
[WhiteElo "2066"]
[BlackElo "2336"]
[PlyCount "84"]
[EventDate "2018.07.06"]

1. e4 c5 2. Nf3 Nc6 3. d4 cxd4 4. Nxd4 g6 5. c4 Nf6 6. Nc3 d6 7. Nc2 Bg7 8. Be2
O-O 9. O-O Be6 10. f3 Rc8 11. Be3 Qa5 12. Qd2 Rfd8 13. Rab1 Ne5 14. b3 a6 15.
Na4 Qxd2 16. Bxd2 b5 17. Nb6 Rc6 18. Nd5 Bxd5 19. exd5 Rcc8 20. Nd4 bxc4 21. f4
Ne4 22. Ba5 Nd3 23. Nc6 Re8 24. bxc4 Ndc5 25. Rf3 e6 26. Kf1 exd5 27. cxd5 Na4
28. Rbb3 Nac5 29. Rb1 Bf6 30. g3 Kg7 31. Re3 Na4 32. Rbb3 Nec5 33. Rxe8 Rxe8
34. Rb8 Re3 35. Bc7 Ne4 36. Bxa6 Ra3 37. Re8 Nac5 38. Nb4 Bc3 39. Bd3 Nd2+ 40.
Ke2 Bxb4 41. Bxd6 Nxd3 42. Bxb4 Nxb4 0-1

[Event "Paracin 2018"]
[Site "Paracin, Hotel Petrus"]
[Date "2018.07.06"]
[Round "1.43"]
[White "Sylvan, Jacob"]
[Black "Srdanovic, Jovana"]
[Result "1-0"]
[WhiteElo "2332"]
[BlackElo "2064"]
[PlyCount "95"]
[EventDate "2018.07.06"]

1. e4 c5 2. Nf3 d6 3. d4 cxd4 4. Nxd4 Nf6 5. Nc3 a6 6. h3 b5 7. g4 Bb7 8. Bg2
h6 9. O-O e6 10. Re1 Qc7 11. a4 b4 12. Na2 e5 13. Nf5 Nc6 14. c3 a5 15. Bd2 g6
16. Ne3 bxc3 17. Nxc3 Nd4 18. Nc2 Nxc2 19. Qxc2 Bg7 20. Qc1 Rc8 21. Be3 Qe7 22.
Qd2 Kf8 23. Bb6 Kg8 24. Bxa5 Kh7 25. Bb4 Rhd8 26. a5 Ba6 27. Nd5 Nxd5 28. exd5
Bf6 29. Bc3 Qb7 30. Ra4 Bg5 31. Qd1 Rc4 32. Re4 Rxe4 33. Rxe4 Qc7 34. Bf1 f5
35. Rb4 Bc8 36. a6 fxg4 37. hxg4 Qa7 38. Bd2 Rf8 39. Qe1 Qc5 40. Bxg5 hxg5 41.
Ra4 Qc2 42. Rc4 Qxb2 43. Qe2 Qb6 44. Qe3 Qa5 45. Qc3 Qb6 46. Rc7+ Kg8 47. Qc2
Rxf2 48. Qxg6+ 1-0

[Event "Paracin 2018"]
[Site "Paracin, Hotel Petrus"]
[Date "2018.07.06"]
[Round "1.44"]
[White "Saksham, Rautela"]
[Black "Becker, Marcel"]
[Result "1/2-1/2"]
[WhiteElo "2064"]
[BlackElo "2330"]
[PlyCount "94"]
[EventDate "2018.07.06"]

1. e4 c6 2. d4 d5 3. Nd2 dxe4 4. Nxe4 Nd7 5. Nf3 Ngf6 6. Nxf6+ Nxf6 7. c3 Bg4
8. Be2 e6 9. O-O Qc7 10. Ne5 Bxe2 11. Qxe2 Bd6 12. f4 O-O 13. Kh1 Rfe8 14. Be3
Nd5 15. Bd2 Rad8 16. Rad1 a5 17. c4 Nb4 18. a3 Na6 19. Bc3 a4 20. Qh5 f6 21.
Ng4 Qf7 22. Qh4 Be7 23. Rf3 Nc5 24. Rg3 Kh8 25. Rh3 Qg6 26. Nf2 f5 27. Qg3 Qxg3
28. Rxg3 Nb3 29. d5 Bf6 30. Bxf6 gxf6 31. dxe6 Rxd1+ 32. Nxd1 Rxe6 33. Re3 Re4
34. Rxe4 fxe4 35. g4 Nc5 36. Nc3 Kg7 37. Kg2 f5 38. gxf5 Kf6 39. Kf2 Kxf5 40.
Ke3 Nd3 41. Nxe4 Nxb2 42. Nd6+ Kg6 43. Nxb7 Nxc4+ 44. Kd4 Nxa3 45. Ke4 Nb5 46.
Nc5 Kf6 47. Nxa4 Nd6+ 1/2-1/2

[Event "Paracin 2018"]
[Site "Paracin, Hotel Petrus"]
[Date "2018.07.06"]
[Round "1.45"]
[White "Marjanovic, Annamaria"]
[Black "Isha, Sharma"]
[Result "1-0"]
[WhiteElo "2325"]
[BlackElo "2062"]
[PlyCount "79"]
[EventDate "2018.07.06"]

1. c4 e5 2. g3 Nc6 3. Bg2 g6 4. Nc3 Bg7 5. Rb1 a5 6. a3 d6 7. b4 axb4 8. axb4
Nh6 9. b5 Nd4 10. e3 Ne6 11. Nge2 Nf5 12. d3 O-O 13. O-O Rb8 14. Ba3 Bd7 15.
Qd2 Be8 16. Rb3 h5 17. Nd5 c6 18. Ndc3 Ra8 19. Rfb1 Bd7 20. bxc6 bxc6 21. Ne4
Bc8 22. Qc1 Re8 23. Rb6 Ra6 24. Rb8 d5 25. Nc5 Nxc5 26. Bxc5 e4 27. d4 Bf8 28.
Bxf8 Rxf8 29. Nf4 Ra5 30. Qc3 Nd6 31. cxd5 cxd5 32. Bh3 Ra4 33. Nxd5 Qg5 34.
Qc5 Bxh3 35. Qxd6 Rxb8 36. Qxb8+ Kg7 37. Nf4 Bg4 38. Qe8 Ra2 39. h3 Bf3 40.
Ne6+ 1-0